Biblioteca

Actitud ante el estado, el país y el pueblo de Istrael: (Registro nro. 69893)

Detalles MARC
000 -LÍDER
Campo fijo de descripción fija 01245nab a2200229 i 4500
001 - NÚMERO DE CONTROL
Campo de control 768714001
003 - IDENTIFICADOR DEL NÚMERO DE CONTROL
Campo de control CO-MdFUSB
005 - FECHA Y HORA DE LA ULTIMA TRANSACCIÓN
control field 20240523171508.0
008 - ELEMENTOS DE LONGITUD FIJA -- INFORMACIÓN GENERAL
Campo fijo de descripción fija -- Información general 240523t1974 sp ||||| |||| 00| 0 spa d
040 ## - FUENTE DE CATALOGACIÓN
Idioma de catalogación spa
Agencia que realiza la transcripción CO-MdFUSB
Agencia que realiza la modificación CO-MdFUSB
041 ## - CÓDIGO DE IDIOMA
Código de idioma para texto/pista de sonido o título separado spa
100 ## - ASIENTO PRINCIPAL--NOMBRE PERSONAL
Nombre personal Neher, André,
Fechas asociadas con el nombre 1914-1988
Término relacionador autor
245 1# - TÍTULO
Título Actitud ante el estado, el país y el pueblo de Istrael:
Subtitulo punto de vista judío
Mención de responsabilidad / André Neher ; traducido por A. Domínguez
520 ## - NOTA DE RESUMEN, ETC.
Nota de sumario, etc. Quien dice Israel dice pueblo. Pero dice también tierra: Eretz Israel. Y desde hace poco más de veinticinco años dice Estado: Estado de Israel.<br/>Esta triple afirmación, incluida en una sola palabra, de un pueblo, una tierra y un Estado, constituye uno de los fundamentos de la teología judía desde sus orígenes bíblicos hasta nuestros días.<br/>
650 #0 - ASIENTO SECUNDARIO DE MATERIA - TERMINO TEMÁTICO
Término temático o nombre geográfico como elemento de entrada Cristianismo y otras religiones.
Subdivisión general Judaísmo
9 (RLIN) 1249
650 #7 - ASIENTO SECUNDARIO DE MATERIA - TERMINO TEMÁTICO
Término temático o nombre geográfico como elemento de entrada Liturgia
Subdivisión general Liturgia
9 (RLIN) 206
653 ## - TÉRMINO DE INDIZACIÓN - NO CONTROLADO
Término no controlado Israel
700 ## - ENTR. SECUNDARIA - Nombre Personal (R)
Nombre de persona Domínguez, A.,
Término indicativo de función traductor
773 0# - ASIENTO DE ITEM FUENTE
Biblionumber 49450
Itemnumber 82678
Otro identificador del ítem R2588
Título Revista internacional de teología Concilium
Número de control del registro (CO-MdFUSB)8
Número Internacional Normalizado para Publicaciones Seriadas (ISSN) 0210-1041
Parte(s) relacionada(s) / Volumen., número. (mes año), páginas Volumen 98, (septiembre - octubre, 1974 ) páginas: 241 - 250
Enumeración y primera página páginas: 241
942 ## - TIPO DE MATERIAL (KOHA)
Tipo de Item KOHA Artículos de Revista
945 ## - INFORMACIÓN LOCAL DEL REGISTRO
Catalogador Catherine Arias Álvarez - Practicante SENA

No hay ítems disponibles.

Biblioteca FUSBC | Teléfono: (57+4) 349 88 10 Ext. 141| WhatsApp (+57) 3005338115 
E-mail: biblioteca@unisbc.edu.co | Calle 76 87-14 Robledo Palenque, Medellín, Colombia

Con tecnología Koha